000
00217nam a2200097Ia 4500
008
240331s9999 xx 000 0 und d
082
_b
GOM
100
_a
Gomez,M
245
0
_a
Gender and politics in Sri Lanka
942
_c
L
999
_c
4538
_d
4538